[Event "Vlissingen HZ op 18th"]
[Site "Vlissingen"]
[Date "2014.08.03"]
[Round "3"]
[White "Van der Klis, Dick"]
[Black "Van der Heide, Auke"]
[Result "1-0"]
[WhiteElo "1941"]
[BlackElo "2181"]
[PlyCount "113"]
[EventDate "2014.08.02"]
[EventType "swiss"]
[EventRounds "9"]
[EventCountry "NED"]
[SourceTitle "CBM 161 Extra"]
[Source "ChessBase"]
[SourceDate "2014.08.29"]
[SourceVersion "1"]
[SourceVersionDate "2014.08.29"]
[SourceQuality "1"]

1. c4 c6 2. g3 d5 3. Bg2 Nf6 4. Nf3 Bf5 5. cxd5 cxd5 6. 0-0 e6 7. d3 Nc6 8. a3 Be7 9. b4 Qb6 10. Nc3 d4 11. Na4 Qb5 12. Bb2 e5 13. Rc1 Nd7 14. Rb1 a5 15. Nc5 Nxc5 16. bxc5 Qxc5 17. Qd2 a4 18. Ng5 Na5 19. Ne4 Qa7 20. f4 Nb3 21. Qd1 Bxe4 22. Bxe4 0-0 23. Bd5 Nc5 24. fxe5 Rad8 25. Bf3 Nb3 26. Bc1 Rd7 27. Bg4 Rd5 28. e6 f5 29. Bf3 Rdd8 30. Rxb3 axb3 31. Qxb3 b6 32. a4 Kh8 33. Ba3 Bxa3 34. Qxa3 Rfe8 35. Qb3 Qa5 36. Rc1 g5 37. Bh5 Re7 38. Rc6 g4 39. Qc2 Qd5 40. Bf7 Rxf7 41. exf7 Qxf7 42. Rxb6 Qa7 43. Qc6 Qe7 44. Qf6+ Qxf6 45. Rxf6 Rd5 46. Rb6 Ra5 47. Rb5 Rxa4 48. Rxf5 Ra1+ 49. Kg2 Re1 50. Re5 Kg7 51. h3 gxh3+ 52. Kxh3 Ra1 53. Kg4 Kf6 54. Re4 Ra4 55. e3 h5+ 56. Kf3 Kf5 57. Rxd4 1-0